000 00239nam a2200109Ia 4500
005 20251222155143.0
008 251222s9999||||xx |||||||||||||| ||spa||
082 _aMAN.141
245 0 _aMinisterio de Salud
264 _bMinsa
942 _cLIB
999 _c39266
_d39266